000 00369nam a2200121Ia 4500
008 220615s9999||||xx |||||||||||||| ||und||
245 0 _aVascular Surgery
_bPrinciples and Practice
546 _aEnglish[eng]
650 _aVascular surgery
700 _aYamanouchi, Dai
856 _uhttps://mts.intechopen.com/storage/books/2703/authors_book/authors_book.pdf
942 _cEB
999 _c7526
_d7526